=LDR 00000nam 2200000 4500 =001 INLIS000000000007719 =005 20130612095655 =008 ************************************* =035 ##$$0010-061300000007719 =082 ##$$a 004 2 =090 ##$$a 004. 2, Upd k =100 ##$$a Updegraftt, Robert =245 ##$$a Komputer, Robert Updegraff; terjemah Djokolelono =260 ##$$a 1986 $b Jakarta =300 ##$$a 24 hlm, illus, 21 cm =650 ##$$a Komputer =700 ##$$a Jokolelono